000 00641nam a2200265Ia 4500
005 20260121164957.0
008 008 260114s9999 xx 000 0 eng d
020 _a9781137445742
037 _aEBOOK
040 _aCRL
040 _beng
040 _cCRL
041 _2eng
041 _aeng
084 _qCRL
100 _aF. Teles
_91046011
245 0 _aLocal Governance and Intermunicipal Cooperation
260 _bSpringer
260 _bSpringer
260 _c2016
856 _uhttps://link.springer.com/openurl?genre=book&isbn=978-1-137-44574-2
942 _cEBOOK
999 _c1611735
_d1611735